[Event "DVM U10 2020"]
[Site "Magdeburg GER"]
[Date "2021.08.06"]
[Round "2"]
[White "Arne, Jonas"]
[Black "Malinowsky, Levi"]
[Result "0-1"]
[Termination "normal"]
[Board "4.1"]
[WhiteElo "1205"]
[BlackElo "1593"]
[WhiteClock "00:40:02"]
[BlackClock "00:35:29"]
[WhiteTeam "SC 1975 Bann"]
[BlackTeam "SK Doppelbauer Kiel"]
[PlyCount "50"]
[WhiteFideId "34640398"]
[BlackFideId "16253094"]
[EventCountry "GER"]
[EventRounds "7"]
[EventType "team-swiss"]
[EventDate "2021.08.06"]

1. d4 {[%clk 00:55:08]} {[%emt 00:00:02]} Nf6 {[%clk 00:54:58]} {[%emt
00:00:12]} 2. Nf3 {[%clk 00:55:07]} {[%emt 00:00:06]} g6 {[%clk 00:54:46]}
{[%emt 00:00:17]} 3. g3 {[%clk 00:55:07]} {[%emt 00:00:06]} Bg7 {[%clk
00:54:32]} {[%emt 00:00:19]} 4. Bg2 {[%clk 00:55:06]} {[%emt 00:00:06]} O-O
{[%clk 00:54:15]} {[%emt 00:00:21]} 5. O-O {[%clk 00:55:07]} {[%emt 00:00:04]}
d6 {[%clk 00:53:54]} {[%emt 00:00:25]} 6. c4 {[%clk 00:55:02]} {[%emt
00:00:10]} Nbd7 {[%clk 00:53:16]} {[%emt 00:00:44]} 7. Nc3 {[%clk 00:54:26]}
{[%emt 00:00:35]} h6 {[%clk 00:51:41]} {[%emt 00:01:46]} 8. Bd2 {[%clk
00:53:23]} {[%emt 00:01:08]} e5 {[%clk 00:50:30]} {[%emt 00:01:16]} 9. dxe5
{[%clk 00:52:40]} {[%emt 00:00:27]} dxe5 {[%clk 00:50:27]} {[%emt 00:00:29]}
10. Be3 {[%clk 00:51:49]} {[%emt 00:00:56]} c6 {[%clk 00:49:46]} {[%emt
00:00:45]} 11. Qc2 {[%clk 00:51:11]} {[%emt 00:00:43]} Qe7 {[%clk 00:48:33]}
{[%emt 00:01:18]} 12. Rad1 {[%clk 00:50:49]} {[%emt 00:00:28]} Nc5 {[%clk
00:46:14]} {[%emt 00:02:23]} 13. b4 {[%clk 00:50:06]} {[%emt 00:00:49]} Na6
{[%clk 00:42:59]} {[%emt 00:03:20]} 14. a3 {[%clk 00:49:59]} {[%emt 00:00:12]}
Ng4 {[%clk 00:41:41]} {[%emt 00:01:23]} 15. Qc1 {[%clk 00:49:31]} {[%emt
00:00:32]} Nxe3 {[%clk 00:41:05]} {[%emt 00:00:42]} 16. Qxe3 {[%clk 00:49:30]}
{[%emt 00:00:04]} f5 {[%clk 00:40:36]} {[%emt 00:00:36]} 17. Qd3 {[%clk
00:46:47]} {[%emt 00:02:48]} e4 {[%clk 00:39:40]} {[%emt 00:01:02]} 18. Qc2
{[%clk 00:46:02]} {[%emt 00:00:49]} exf3 {[%clk 00:39:33]} {[%emt 00:00:12]}
19. Bxf3 {[%clk 00:46:01]} {[%emt 00:00:04]} Be6 {[%clk 00:38:42]} {[%emt
00:00:57]} 20. c5 {[%clk 00:45:37]} {[%emt 00:00:29]} Rad8 {[%emt 00:02:45]}
21. Na4 {[%clk 00:42:56]} {[%emt 00:01:03]} Qf7 {[%clk 00:37:24]} {[%emt
00:00:26]} 22. Qc1 {[%clk 00:42:33]} {[%emt 00:00:28]} Rxd1 {[%clk 00:36:57]}
{[%emt 00:00:33]} 23. Rxd1 {[%clk 00:42:25]} {[%emt 00:00:13]} Bb3 {[%clk
00:36:48]} {[%emt 00:00:13]} 24. Rd2 {[%clk 00:41:20]} {[%emt 00:01:10]} Bxa4
{[%emt 00:01:50]} 25. Rd6 {[%clk 00:40:02]} Be5 {[%clk 00:35:29]} {[%emt
00:01:04]} 0-1

[Event "DVM U10 2020"]
[Site "Magdeburg GER"]
[Date "2021.08.06"]
[Round "2"]
[White "Farokhi, Darian"]
[Black "Klein, Levent"]
[Result "1/2-1/2"]
[Termination "normal"]
[Board "4.2"]
[WhiteElo "1182"]
[BlackElo "1229"]
[WhiteClock "00:12:59"]
[BlackClock "00:40:20"]
[WhiteTeam "SK Doppelbauer Kiel"]
[BlackTeam "SC 1975 Bann"]
[PlyCount "70"]
[WhiteFideId "16253108"]
[BlackFideId "34611274"]
[EventCountry "GER"]
[EventRounds "7"]
[EventType "team-swiss"]
[EventDate "2021.08.06"]

1. e4 {[%clk 00:55:07]} {[%emt 00:00:03]} e6 {[%clk 00:55:06]} {[%emt
00:00:05]} 2. d4 {[%clk 00:55:04]} {[%emt 00:00:08]} d5 {[%clk 00:55:08]}
{[%emt 00:00:03]} 3. Nc3 {[%clk 00:55:02]} {[%emt 00:00:07]} Bb4 {[%clk
00:54:58]} {[%emt 00:00:15]} 4. e5 {[%clk 00:53:23]} {[%emt 00:01:45]} Ne7
{[%clk 00:54:00]} {[%emt 00:01:03]} 5. Bd2 {[%clk 00:53:22]} {[%emt 00:00:05]}
Nf5 {[%clk 00:53:52]} {[%emt 00:00:12]} 6. Nf3 {[%clk 00:49:52]} {[%emt
00:03:36]} Nc6 {[%clk 00:53:28]} {[%emt 00:00:29]} 7. a3 {[%clk 00:47:35]}
{[%emt 00:02:22]} Ba5 {[%clk 00:52:25]} {[%emt 00:01:07]} 8. Bb5 {[%clk
00:41:30]} {[%emt 00:06:12]} Bxc3 {[%clk 00:52:11]} {[%emt 00:00:18]} 9. Bxc3
{[%clk 00:41:10]} {[%emt 00:00:26]} Bd7 {[%clk 00:51:54]} {[%emt 00:00:21]} 10.
Qd2 {[%clk 00:38:00]} {[%emt 00:03:14]} a6 {[%clk 00:51:30]} {[%emt 00:00:31]}
11. Bd3 {[%clk 00:35:55]} {[%emt 00:02:10]} h6 {[%clk 00:50:43]} {[%emt
00:00:51]} 12. O-O-O {[%clk 00:35:01]} {[%emt 00:00:59]} b5 {[%clk 00:50:31]}
{[%emt 00:00:17]} 13. g4 {[%clk 00:33:37]} {[%emt 00:01:29]} Nh4 {[%clk
00:49:56]} {[%emt 00:00:41]} 14. Nxh4 {[%clk 00:32:33]} {[%emt 00:01:08]} Qxh4
{[%clk 00:49:44]} {[%emt 00:00:16]} 15. h3 {[%clk 00:30:18]} {[%emt 00:02:21]}
Qe7 {[%clk 00:48:49]} {[%emt 00:00:57]} 16. f4 {[%clk 00:29:07]} {[%emt
00:01:19]} Rb8 {[%clk 00:48:05]} {[%emt 00:00:48]} 17. b4 {[%clk 00:28:45]}
{[%emt 00:00:28]} a5 {[%clk 00:47:48]} {[%emt 00:00:23]} 18. Kb2 {[%clk
00:27:19]} {[%emt 00:01:30]} axb4 {[%clk 00:46:55]} {[%emt 00:00:59]} 19. axb4
{[%clk 00:27:14]} {[%emt 00:00:10]} Ra8 {[%clk 00:45:31]} {[%emt 00:01:29]} 20.
Bxb5 {[%clk 00:25:01]} {[%emt 00:02:18]} O-O {[%clk 00:45:07]} {[%emt
00:00:29]} 21. Ra1 {[%clk 00:23:13]} {[%emt 00:01:53]} Rab8 {[%clk 00:44:51]}
{[%emt 00:00:19]} 22. Bxc6 {[%clk 00:23:05]} {[%emt 00:00:15]} Bxc6 {[%clk
00:44:55]} {[%emt 00:00:01]} 23. h4 {[%clk 00:21:13]} {[%emt 00:01:56]} Rb6
{[%clk 00:44:36]} {[%emt 00:00:23]} 24. g5 {[%clk 00:20:34]} {[%emt 00:00:45]}
h5 {[%clk 00:44:31]} {[%emt 00:00:10]} 25. Kb3 {[%clk 00:20:08]} {[%emt
00:00:31]} g6 {[%clk 00:44:17]} {[%emt 00:00:19]} 26. Ra7 {[%clk 00:19:22]}
{[%emt 00:00:50]} Rfb8 {[%clk 00:44:06]} {[%emt 00:00:15]} 27. Rha1 {[%clk
00:19:09]} {[%emt 00:00:21]} Bb5 {[%clk 00:43:49]} {[%emt 00:00:17]} 28. Ra8
{[%clk 00:17:22]} {[%emt 00:01:56]} Bc4+ {[%clk 00:43:36]} {[%emt 00:00:17]}
29. Kb2 {[%clk 00:17:17]} {[%emt 00:00:11]} Kg7 {[%clk 00:42:37]} {[%emt
00:01:03]} 30. Rxb8 {[%clk 00:16:27]} {[%emt 00:00:55]} Rxb8 {[%clk 00:42:28]}
{[%emt 00:00:15]} 31. Ra5 {[%clk 00:14:48]} {[%emt 00:01:44]} Qd7 {[%clk
00:41:58]} {[%emt 00:00:33]} 32. Qc1 {[%clk 00:14:18]} {[%emt 00:00:37]} Qe7
{[%clk 00:41:10]} {[%emt 00:00:50]} 33. Qa1 {[%clk 00:14:01]} {[%emt 00:00:25]}
Rxb4+ {[%clk 00:40:36]} {[%emt 00:00:39]} 34. Bxb4 {[%clk 00:13:36]} {[%emt
00:00:31]} Qxb4+ {[%clk 00:40:25]} {[%emt 00:00:16]} 35. Kc1 {[%clk 00:12:59]}
{[%emt 00:00:41]} Qe1+ {[%clk 00:40:20]} {[%emt 00:00:06]} 1/2-1/2

[Event "DVM U10 2020"]
[Site "Magdeburg GER"]
[Date "2021.08.06"]
[Round "2"]
[White "Klein, Deniz"]
[Black "Rempe, Lennik"]
[Result "1-0"]
[Termination "normal"]
[Board "4.3"]
[WhiteElo "949"]
[BlackElo "1086"]
[WhiteClock "00:43:32"]
[BlackClock "00:47:15"]
[WhiteTeam "SC 1975 Bann"]
[BlackTeam "SK Doppelbauer Kiel"]
[PlyCount "29"]
[WhiteFideId "34611282"]
[BlackFideId "16248031"]
[EventCountry "GER"]
[EventRounds "7"]
[EventType "team-swiss"]
[EventDate "2021.08.06"]

1. c4 {[%clk 00:55:06]} {[%emt 00:00:04]} e5 {[%clk 00:54:55]} {[%emt
00:00:08]} 2. g3 {[%clk 00:54:43]} {[%emt 00:00:35]} Nf6 {[%clk 00:54:52]}
{[%emt 00:00:08]} 3. Bg2 {[%clk 00:54:38]} {[%emt 00:00:12]} d5 {[%clk
00:54:49]} {[%emt 00:00:07]} 4. cxd5 {[%clk 00:53:57]} {[%emt 00:00:47]} Nxd5
{[%clk 00:54:43]} {[%emt 00:00:10]} 5. Nc3 {[%clk 00:53:36]} {[%emt 00:00:25]}
Nb6 {[%clk 00:54:33]} {[%emt 00:00:16]} 6. Nf3 {[%clk 00:53:24]} {[%emt
00:00:16]} Nc6 {[%clk 00:54:30]} {[%emt 00:00:08]} 7. O-O {[%clk 00:53:09]}
{[%emt 00:00:20]} Be7 {[%clk 00:54:25]} {[%emt 00:00:10]} 8. d3 {[%clk
00:52:45]} {[%emt 00:00:30]} O-O {[%clk 00:53:57]} {[%emt 00:00:33]} 9. Bd2
{[%clk 00:51:15]} {[%emt 00:01:35]} Be6 {[%clk 00:50:58]} {[%emt 00:03:02]} 10.
Qc1 {[%clk 00:49:32]} {[%emt 00:01:49]} f5 {[%clk 00:49:53]} {[%emt 00:01:11]}
11. Bg5 {[%clk 00:48:44]} {[%emt 00:00:53]} Qd7 {[%clk 00:49:00]} {[%emt
00:00:57]} 12. Bxe7 {[%clk 00:47:32]} {[%emt 00:01:17]} Qxe7 {[%clk 00:48:35]}
{[%emt 00:00:30]} 13. Re1 {[%clk 00:46:31]} {[%emt 00:01:08]} f4 {[%clk
00:48:02]} {[%emt 00:00:36]} 14. Qd2 {[%clk 00:45:14]} {[%emt 00:01:21]} Nd5
{[%clk 00:47:15]} {[%emt 00:00:53]} 15. a3 {[%clk 00:43:32]} {[%emt 00:01:47]}
1-0

[Event "DVM U10 2020"]
[Site "Magdeburg GER"]
[Date "2021.08.06"]
[Round "2"]
[White "Charchulla, Moritz"]
[Black "Steinbrenner, Peter"]
[Result "1-0"]
[Termination "normal"]
[Board "4.4"]
[WhiteElo "934"]
[BlackElo "940"]
[WhiteClock "00:54:38"]
[BlackClock "00:53:27"]
[WhiteTeam "SK Doppelbauer Kiel"]
[BlackTeam "SC 1975 Bann"]
[PlyCount "61"]
[WhiteFideId "34607579"]
[BlackFideId "34645535"]
[EventCountry "GER"]
[EventRounds "7"]
[EventType "team-swiss"]
[EventDate "2021.08.06"]

{[%evp 0,11,16,28,38,44,44,13,24,-9,-5,7,17,5]} 1. e4 {[%emt 0:00:01]} e5 {
[%emt 0:00:14]} 2. Nf3 {[%emt 0:00:06]} Nc6 {[%emt 0:00:12]} 3. Bc4 {[%emt 0:
00:09]} Bc5 {[%emt 0:00:18]} 4. c3 {[%emt 0:00:09]} Nf6 {[%emt 0:00:16]} 5. d4
{[%emt 0:00:31]} exd4 {[%emt 0:00:29]} 6. O-O {[%emt 0:00:24] normal} dxc3 7.
e5 cxb2 8. Bxb2 Ne4 9. Qd5 O-O 10. Qxe4 Re8 11. Qd5 Qe7 12. Nbd2 d6 13. exd6
cxd6 14. Rfe1 Be6 15. Qd3 Nb4 16. Qc3 Qf8 17. Bxe6 fxe6 18. Re4 d5 19. Rg4 d4
20. Nxd4 Bxd4 21. Qxd4 e5 22. Qc4+ Kh8 23. f4 Qf6 24. Rf1 Qf5 25. fxe5 Qd7 26.
e6 Rxe6 27. Bxg7+ Kg8 28. Be5+ Qg7 29. Rxg7+ Kh8 30. Rg5+ Rxe5 31. Rxe5 1-0

[Event "DVM U10 2020"]
[Site "Magdeburg GER"]
[Date "2021.08.06"]
[Round "2"]
[White "Nguyen, Bach Khoi"]
[Black "Mehner, Clara"]
[Result "1-0"]
[Termination "normal"]
[Board "5.1"]
[WhiteElo "1086"]
[BlackElo "1183"]
[WhiteTeam "TSG Oberschöneweide e.V."]
[BlackTeam "USG Chemnitz"]
[PlyCount "87"]
[WhiteFideId "34600256"]
[BlackFideId "34612165"]
[EventCountry "GER"]
[EventRounds "7"]
[EventType "team-swiss"]
[EventDate "2021.08.06"]

{[%evp 0,87,34,11,11,11,11,3,26,28,21,7,1,-12,7,-54,-19,-31,-2,-48,14,-30,-7,
-53,23,6,117,100,100,116,116,55,111,68,30,27,101,102,77,-30,-22,-63,126,37,37,
-28,36,36,27,-105,-105,-126,-67,-73,-49,-49,-81,-87,-77,-88,-90,-154,-218,-245,
-239,-282,-235,-233,-309,-309,-226,-252,-1,22,21,-52,-61,-79,23,30,41,50,30,48,
159,161,177,261,29999,-30000] normal} 1. e4 e5 2. Nf3 Nc6 3. Bc4 Bc5 4. c3 Nf6
5. d3 d6 6. Nbd2 Be6 7. Bb3 O-O 8. O-O Qd7 9. h3 Rad8 10. Re1 Rfe8 11. Nf1 Nh5
12. Bc2 Qe7 13. d4 exd4 14. cxd4 Bb4 15. Bd2 d5 16. e5 Bxd2 17. Qxd2 f6 18. g4
fxe5 19. dxe5 Rf8 20. Qd3 Nf4 21. Qxh7+ Kf7 22. Bf5 Bxf5 23. gxf5 Rh8 24. Qxg7+
Kxg7 25. f6+ Kf7 26. fxe7 Rdg8+ 27. Ng3 Rxh3 28. e8=Q+ Kxe8 29. Rad1 Ne7 30.
Rd4 Rg4 31. Kf1 Nf5 32. Ra4 a6 33. Rb4 Nxg3+ 34. fxg3 Rh1+ 35. Ng1 Nd3 36. Rxg4
Nxe1 37. Kxe1 Rxg1+ 38. Kf2 Rd1 39. Rg7 Rc1 40. Ke3 Kd8 41. Kd4 Rc4+ 42. Kxd5
Rc2 43. Ke6 Re2 44. Rg8# 1-0

[Event "DVM U10 2020"]
[Site "Magdeburg GER"]
[Date "2021.08.06"]
[Round "2"]
[White "Frey, Lino"]
[Black "Schriefer, Leo Hans"]
[Result "0-1"]
[Termination "normal"]
[Board "5.2"]
[WhiteElo "1119"]
[BlackElo "1037"]
[WhiteTeam "USG Chemnitz"]
[BlackTeam "TSG Oberschöneweide e.V."]
[PlyCount "48"]
[WhiteFideId "34693394"]
[BlackFideId "16266935"]
[EventCountry "GER"]
[EventRounds "7"]
[EventType "team-swiss"]
[EventDate "2021.08.06"]

{[%evp 0,48,28,11,66,66,90,96,96,71,71,71,86,81,94,27,39,8,89,69,70,54,72,41,
75,65,64,75,74,82,100,62,86,83,83,25,30,-86,11,-131,-60,-133,-123,-715,-767,
-848,-893,-1294,-1402,-29999,-30000] normal} 1. e4 c5 2. Nf3 g6 3. d4 cxd4 4.
Nxd4 Nc6 5. Be3 Bg7 6. Nc3 Nf6 7. Qd2 O-O 8. f3 Re8 9. O-O-O d5 10. Nxc6 bxc6
11. exd5 cxd5 12. Nxd5 Nxd5 13. Qxd5 Qxd5 14. Rxd5 a6 15. Rd2 Rb8 16. c3 Be6
17. Be2 Bxa2 18. g4 a5 19. b4 Be6 20. bxa5 Bxc3 21. Ra2 Bxa2 22. a6 Rec8 23.
Kd1 Rb1+ 24. Bc1 Bb3# 0-1

[Event "DVM U10 2020"]
[Site "Magdeburg GER"]
[Date "2021.08.06"]
[Round "2"]
[White "Meusel, Theodor"]
[Black "Mo, Keyou"]
[Result "1-0"]
[Termination "normal"]
[Board "5.3"]
[WhiteElo "1137"]
[BlackElo "1000"]
[WhiteTeam "TSG Oberschöneweide e.V."]
[BlackTeam "USG Chemnitz"]
[PlyCount "109"]
[WhiteFideId "34617116"]
[BlackFideId "34623582"]
[EventCountry "GER"]
[EventRounds "7"]
[EventType "team-swiss"]
[EventDate "2021.08.06"]

{[%evp 0,29,20,20,86,52,124,101,138,84,91,76,94,86,93,21,19,14,101,95,70,54,49,
62,107,62,62,58,56,76,106,74] normal} 1. c4 e5 2. g3 Nf6 3. Bg2 d5 4. cxd5 Nxd5
5. Qb3 c6 6. Nf3 e4 7. Nd4 Bc5 8. Nc2 Bf5 9. Qxb7 Nd7 10. Qxc6 Nb4 11. Nxb4
Bxb4 12. Bxe4 Bxe4 13. Qxe4+ Be7 14. Nc3 O-O 15. O-O Nc5 16. Qd5 Bd6 17. Nb5
Be7 18. Qxd8 Rfxd8 19. d3 a6 20. Nc3 Bf6 21. Be3 Ne6 22. Rac1 Rab8 23. b3 Nd4
24. Rfd1 Nf5 25. Bf4 Rbc8 26. Ne4 Rxc1 27. Nxf6+ gxf6 28. Rxc1 Nd4 29. Kf1 Re8
30. e3 Nf3 31. Kg2 Ng5 32. Bxg5 fxg5 33. Rc5 h6 34. Kf3 Rd8 35. d4 Kg7 36. Rc6
a5 37. Ke4 f6 38. Kf5 Rf8 39. Rc7+ Rf7 40. Rxf7+ Kxf7 41. a3 h5 42. b4 axb4 43.
axb4 Ke7 44. b5 Kd7 45. Kxf6 g4 46. e4 Kc7 47. e5 Kd7 48. b6 Kc8 49. e6 Kb7 50.
e7 Kxb6 51. e8=Q Kc7 52. Qe6 Kd8 53. Ke5 h4 54. Kd6 hxg3 55. Qg8# 1-0

[Event "DVM U10 2020"]
[Site "Magdeburg GER"]
[Date "2021.08.06"]
[Round "2"]
[White "Li, Joshua"]
[Black "Gersemann, Karl"]
[Result "0-1"]
[Termination "normal"]
[Board "5.4"]
[WhiteElo "873"]
[BlackElo "1318"]
[WhiteTeam "USG Chemnitz"]
[BlackTeam "TSG Oberschöneweide e.V."]
[PlyCount "72"]
[WhiteFideId "34623639"]
[BlackFideId "34602186"]
[EventCountry "GER"]
[EventRounds "7"]
[EventType "team-swiss"]
[EventDate "2021.08.06"]

{[%evp 0,72,28,11,11,11,7,7,7,5,12,12,80,37,37,52,47,-1,12,1,24,-2,-2,-25,9,
-13,1,-31,0,-14,10,-8,-13,-318,-369,-369,-383,-423,-423,-492,-481,-541,-537,
-632,-645,-688,-635,-718,-718,-788,-798,-797,-812,-902,-920,-927,-929,-959,
-1013,-1097,-1237,-1255,-1206,-1757,-1234,-1737,-1760,-29134,-1936,-1952,
-29438,-29987,-29986,-29987,-29988] normal} 1. e4 e5 2. Nf3 Nc6 3. Nc3 Nf6 4.
d4 exd4 5. Nxd4 d5 6. Nxc6 bxc6 7. exd5 cxd5 8. Bg5 c6 9. Bd3 Be7 10. Qe2 O-O
11. O-O-O a5 12. Rde1 Bb4 13. Bd2 Re8 14. Qf3 Bg4 15. Rxe8+ Qxe8 16. Re1 Qxe1+
17. Bxe1 Bxf3 18. gxf3 d4 19. Be4 Nxe4 20. Nxe4 Bxe1 21. c3 dxc3 22. bxc3 Re8
23. Nd6 Re6 24. Nf5 Bxf2 25. Kb2 g6 26. Nh6+ Kg7 27. Ng4 h5 28. Nxf2 Re2+ 29.
Ka3 Rxf2 30. Ka4 Rxf3 31. a3 f5 32. c4 f4 33. c5 Re3 34. h4 f3 35. Kxa5 Rxa3+
36. Kb6 f2 0-1

[Event "DVM U10 2020"]
[Site "Magdeburg GER"]
[Date "2021.08.06"]
[Round "2"]
[White "Merenda, Lukas-Benedikt"]
[Black "Vesszö, Aaron"]
[Result "1/2-1/2"]
[Termination "normal"]
[Board "6.2"]
[WhiteElo "1222"]
[BlackElo "951"]
[WhiteTeam "Schachfreunde München e.V."]
[BlackTeam "SchachAkademiePaderborn e. V."]
[PlyCount "131"]
[WhiteFideId "34603336"]
[BlackFideId "34619631"]
[EventCountry "GER"]
[EventRounds "7"]
[EventType "team-swiss"]
[EventDate "2021.08.06"]

{[%evp 0,116,35,7,47,50,50,36,39,0,-2,-36,-36,-40,-20,-20,2,10,6,17,16,25,26,
-112,-54,-54,-54,-191,-95,-106,-88,-99,-45,-33,156,-80,-70,-73,-122,-152,-172,
-159,-155,-160,-139,-129,-114,-142,-132,-182,-106,-170,-84,-76,-81,-126,-156,
-195,-178,-159,-163,-175,-168,-175,-107,-80,-74,-100,-95,-95,-95,-309,-334,
-328,-324,-319,-335,-346,-317,-343,-343,-352,-343,-371,-386,-389,-343,-386,
-396,-409,-397,-405,-405,-410,-389,-391,-390,-397,-397,-409,-396,-400,-397,
-399,-403,-408,-347,-397,-392,-407,-397,-406,-362,-401,-404,-408,-416,-419,
-418]} 1. e4 e6 2. d4 d5 3. e5 c5 4. c3 Qb6 5. Ne2 Nc6 6. g3 cxd4 7. cxd4 Bd7
8. Nbc3 Nge7 9. Bh3 Na5 10. O-O Nec6 11. a3 Nb3 12. Rb1 Nbxd4 13. Be3 Nxe2+ 14.
Nxe2 Bc5 15. Bf4 O-O 16. b4 Bd4 17. Nxd4 Qxd4 18. Qxd4 Nxd4 19. Rbd1 Ne2+ 20.
Kg2 Nxf4+ 21. gxf4 Rac8 22. Rc1 Bc6 23. f3 Bb5 24. Rfd1 Bc6 25. Kf2 Rfd8 26. f5
Bd7 27. Rxc8 Rxc8 28. f4 Rc2+ 29. Kg1 Rc3 30. Bg2 Rxa3 31. Rc1 Rb3 32. Rc7 Be8
33. Rxb7 a5 34. fxe6 fxe6 35. Bh3 Rxh3 36. bxa5 Ra3 37. Re7 Bf7 38. Ra7 h6 39.
Ra8+ Kh7 40. a6 d4 41. Rd8 Rxa6 42. Rxd4 g5 43. Rd7 Kg6 44. fxg5 hxg5 45. Kf2
Ra2+ 46. Kg3 Re2 47. h4 gxh4+ 48. Kxh4 Rxe5 49. Kg4 Rd5 50. Rc7 Rf5 51. Rc6 Rf6
52. Rc5 Kh6 53. Re5 Kg6 54. Rc5 Kh6 55. Re5 Bg6 56. Kh4 Rf4+ 57. Kg3 Re4 58.
Rc5 e5 59. Kf3 Re1 60. Kf2 Re4 61. Kf3 Kg5 62. Rc6 Rf4+ 63. Ke3 e4 64. Rxg6+
Kxg6 65. Kxf4 e3 66. Kxe3 1/2-1/2

[Event "DVM U10 2020"]
[Site "Magdeburg GER"]
[Date "2021.08.06"]
[Round "2"]
[White "Doan, Anton"]
[Black "Schäfle, Moritz"]
[Result "0-1"]
[Termination "normal"]
[Board "6.3"]
[WhiteElo "965"]
[BlackElo "1330"]
[WhiteTeam "SchachAkademiePaderborn e. V."]
[BlackTeam "Schachfreunde München e.V."]
[PlyCount "92"]
[WhiteFideId "34619640"]
[BlackFideId "34617043"]
[EventCountry "GER"]
[EventRounds "7"]
[EventType "team-swiss"]
[EventDate "2021.08.06"]

{[%evp 0,92,32,32,35,35,55,46,42,40,36,6,4,-67,-52,-327,-344,-340,-302,-376,
-341,-727,-333,-361,-317,-314,-303,-307,-303,-299,-202,-227,-111,-207,-111,
-114,-113,-134,-126,-122,-122,-120,-104,-120,-93,-131,-101,-86,-80,-174,-178,
-175,-175,-184,-189,-194,-181,-194,-194,-196,-184,-196,-157,-167,-145,-168,
-158,-231,-135,-134,-145,-150,-123,-131,-116,-154,-154,-154,-158,-164,-184,
-199,-222,-279,-266,-386,-270,-402,-303,-310,-368,-657,-715,-827,-826] normal}
1. d4 Nf6 2. Nf3 b6 3. Bf4 Bb7 4. Nc3 e6 5. Nb5 d6 6. c3 a6 7. Qa4 axb5 8.
Qxb5+ Qd7 9. Qg5 Nc6 10. g3 d5 11. Be5 Nxe5 12. Nxe5 Qe7 13. e3 Nd7 14. Qxe7+
Bxe7 15. Bb5 Rd8 16. Nxd7 Rxd7 17. Bxd7+ Kxd7 18. O-O Rc8 19. a4 Ba6 20. Rfe1
Bd3 21. Red1 Bg6 22. f3 Rb8 23. b4 Ra8 24. g4 Bc2 25. Rd2 Rxa4 26. Rxa4 Bxa4
27. Ra2 Bc6 28. Rb2 Bb5 29. Ra2 Bc6 30. Rb2 Bb7 31. b5 Bf6 32. Ra2 Bg5 33. Ra7
Kc8 34. f4 Be7 35. Ra2 f6 36. Kg2 Bd6 37. Kh3 Kb8 38. Kg3 Bc8 39. Kh4 Bd7 40.
Rb2 Ba3 41. Rb3 Bc1 42. e4 dxe4 43. c4 e3 44. Rb1 Bd2 45. c5 e2 46. cxb6 cxb6
0-1

[Event "DVM U10 2020"]
[Site "Magdeburg GER"]
[Date "2021.08.06"]
[Round "2"]
[White "Helfer, Lucas"]
[Black "Burban, Bogdan"]
[Result "0-1"]
[Termination "normal"]
[Board "6.4"]
[WhiteElo "761"]
[BlackElo "794"]
[WhiteTeam "Schachfreunde München e.V."]
[BlackTeam "SchachAkademiePaderborn e. V."]
[PlyCount "80"]
[BlackFideId "34609040"]
[EventCountry "GER"]
[EventRounds "7"]
[EventType "team-swiss"]
[EventDate "2021.08.06"]

{[%evp 0,80,32,7,50,36,36,27,37,36,32,16,54,53,49,3,39,37,46,33,57,62,49,52,
104,75,81,94,76,74,77,0,167,167,606,638,29991,149,171,114,159,-144,20,-318,
-325,-327,-313,-428,-444,-431,-455,-465,-429,-487,-452,-472,-398,-469,-442,
-495,-507,-506,-501,-648,-444,-456,-456,-456,-392,-409,-395,-395,-402,-640,
-694,-731,-775,-916,-1215,-1400,-1474,-2037,-29978] normal} 1. e4 e6 2. Nf3 d5
3. exd5 exd5 4. d4 Nf6 5. Nc3 c6 6. Bf4 Bd6 7. Qe2+ Be7 8. Qd2 O-O 9. Bd3 Be6
10. O-O Nbd7 11. Ng5 Nb6 12. Be5 h6 13. Nxe6 fxe6 14. Rfe1 Bd6 15. Qf4 Ne8 16.
Qg4 c5 17. Qxe6+ Kh8 18. Bg6 Bxe5 19. Rxe5 cxd4 20. Bxe8 Rxe8 21. Qf5 dxc3 22.
bxc3 Rc8 23. Re3 Rxe3 24. fxe3 Rxc3 25. Rf1 Rxe3 26. Qg6 Re7 27. h3 Qe8 28. Qd3
Re1 29. Kh1 Rxf1+ 30. Qxf1 Nc4 31. Qd3 Qe4 32. Qxe4 dxe4 33. Kg1 e3 34. Kf1 Kh7
35. Ke2 Kg6 36. g4 Kg5 37. Kf3 Kh4 38. Ke2 Kxh3 39. a3 Kxg4 40. c3 h5 0-1

[Event "DVM U10 2020"]
[Site "Magdeburg GER"]
[Date "2021.08.06"]
[Round "2"]
[White "Thümler, Floris"]
[Black "Dietrich, Fabian"]
[Result "1-0"]
[Termination "normal"]
[Board "7.1"]
[WhiteElo "1315"]
[BlackElo "1174"]
[WhiteTeam "SV Königsjäger Süd-West e.V."]
[BlackTeam "SK Marburg 1931/72"]
[PlyCount "33"]
[WhiteFideId "16296435"]
[BlackFideId "34640240"]
[EventCountry "GER"]
[EventRounds "7"]
[EventType "team-swiss"]
[EventDate "2021.08.06"]

{[%evp 0,33,32,36,11,7,7,8,-2,-27,-22,3,17,5,28,11,94,146,146,130,250,157,313,
277,301,162,164,144,204,209,344,355,591,572,591,596] normal} 1. e4 e5 2. Nf3
Nc6 3. Bb5 a6 4. Ba4 Nf6 5. O-O b5 6. Bb3 Bb4 7. c3 Bc5 8. d4 exd4 9. cxd4 Bb6
10. e5 Ng4 11. h3 Nh6 12. Bxh6 gxh6 13. d5 Ne7 14. d6 cxd6 15. exd6 Ng6 16. Qd5
Qf6 17. Qxa8 1-0

[Event "DVM U10 2020"]
[Site "Magdeburg GER"]
[Date "2021.08.06"]
[Round "2"]
[White "Jung, Lukas"]
[Black "Schäfer, Benjamin"]
[Result "0-1"]
[Termination "normal"]
[Board "7.2"]
[WhiteElo "865"]
[BlackElo "1364"]
[WhiteTeam "SK Marburg 1931/72"]
[BlackTeam "SV Königsjäger Süd-West e.V."]
[PlyCount "36"]
[BlackFideId "34616390"]
[EventCountry "GER"]
[EventRounds "7"]
[EventType "team-swiss"]
[EventDate "2021.08.06"]

{[%evp 0,36,36,36,47,14,39,39,39,-30,-41,-37,-52,-52,-36,-44,-23,-45,-27,-374,
-98,-127,-112,-108,-85,-79,-48,-68,-62,-713,-737,-1131,-1155,-1309,-1314,-1390,
-1399,-1517,-1453] normal} 1. e4 c5 2. Bc4 Nc6 3. Nf3 e6 4. c3 d5 5. exd5 exd5
6. Bb5 Nf6 7. O-O Be7 8. Ne5 Qc7 9. d3 O-O 10. Nxc6 bxc6 11. Ba4 Ng4 12. g3 Ne5
13. Bf4 Bd6 14. Qh5 Bg4 15. Qh4 Nf3+ 16. Kg2 Nxh4+ 17. gxh4 Bxf4 18. Rg1 Bxh2
0-1